|
|
|
|
| LEADER |
01795nam a2200421 i 4500 |
| 001 |
EBC2006456 |
| 003 |
MiAaPQ |
| 005 |
20200520144314.0 |
| 006 |
m o d | |
| 007 |
cr cnu|||||||| |
| 008 |
150413t20152015ne a o 001 0 eng d |
| 020 |
|
|
|z 9780128029343
|
| 020 |
|
|
|a 9780128029350
|q (electronic bk.)
|
| 035 |
|
|
|a (MiAaPQ)EBC2006456
|
| 035 |
|
|
|a (Au-PeEL)EBL2006456
|
| 035 |
|
|
|a (CaPaEBR)ebr11039203
|
| 035 |
|
|
|a (CaONFJC)MIL760430
|
| 035 |
|
|
|a (OCoLC)908064175
|
| 040 |
|
|
|a MiAaPQ
|b eng
|e rda
|e pn
|c MiAaPQ
|d MiAaPQ
|
| 050 |
|
4 |
|a HV8290
|b .C337 2015
|
| 082 |
0 |
|
|a 658.47
|2 23
|
| 100 |
1 |
|
|a Cabric, Marko,
|e author.
|
| 245 |
1 |
0 |
|a Corporate security management :
|b challenges, risks, and strategies /
|c Marko Cabric ; designer, Mark Rogers.
|
| 264 |
|
1 |
|a Amsterdam, [Netherlands] :
|b Butterworth-Heinemann,
|c 2015.
|
| 264 |
|
4 |
|c 2015
|
| 300 |
|
|
|a 1 online resource (243 pages) :
|b illustrations
|
| 336 |
|
|
|a text
|2 rdacontent
|
| 337 |
|
|
|a computer
|2 rdamedia
|
| 338 |
|
|
|a online resource
|2 rdacarrier
|
| 500 |
|
|
|a Includes index.
|
| 588 |
|
|
|a Description based on online resource; title from PDF title page (ebrary, viewed April 13, 2015).
|
| 590 |
|
|
|a Electronic reproduction. Ann Arbor, MI : ProQuest, 2015. Available via World Wide Web. Access may be limited to ProQuest affiliated libraries.
|
| 650 |
|
0 |
|a Corporations
|x Security measures
|x Management.
|
| 655 |
|
4 |
|a Electronic books.
|
| 700 |
1 |
|
|a Rogers, Mark,
|e designer.
|
| 776 |
0 |
8 |
|i Print version:
|a Cabric, Marko.
|t Corporate security management : challenges, risks, and strategies.
|d Amsterdam, [Netherlands] : Butterworth-Heinemann, c2015
|h xiv, 227 pages
|z 9780128029343
|
| 797 |
2 |
|
|a ProQuest (Firm)
|
| 856 |
4 |
0 |
|u https://ebookcentral.proquest.com/lib/matrademy/detail.action?docID=2006456
|z Click to View
|